SE Palmeiras Squad 2025 - Statistics

General Stats
  • This quiz has been taken 171 times
  • The average score is 22 of 32
Answer Stats
# Position Nation Player % Correct
21 GK Brazil Weverton
96%
15 DF Paraguay Gustavo Gómez
94%
22 DF Uruguay Joaquín Piquerez
92%
14 GK Brazil Marcelo Lomba
91%
9 FW Brazil Vitor Roque
91%
26 DF Brazil Murilo
88%
- Coach Portugal Abel Ferreira
87%
41 FW Brazil Estêvão
86%
23 MF Brazil Raphael Veiga
85%
17 FW Uruguay Facundo Torres
83%
4 DF Argentina Agustín Giay
82%
5 MF Argentina Aníbal Moreno
82%
8 MF Colombia Richard Ríos
82%
3 DF Brazil Bruno Fuchs
78%
42 FW Argentina José Manuel López
76%
10 FW Brazil Paulinho
76%
32 MF Uruguay Emiliano Martínez
75%
2 DF Brazil Marcos Rocha
73%
7 FW Brazil Felipe Anderson
68%
12 DF Brazil Mayke
67%
18 MF Brazil Mauricio
64%
13 DF Brazil Micael
62%
40 MF Brazil Allan
57%
31 FW Brazil Luighi
56%
6 DF Brazil Vanderlan
56%
11 FW Brazil Bruno Rodrigues
48%
43 DF Brazil Luis Benedetti
45%
30 MF Brazil Lucas Evangelista
41%
34 DF Brazil Naves
40%
1 GK Brazil Mateus
32%
39 FW Brazil Thalys
32%
38 MF Brazil Figueiredo
13%
No matching quizzes found
Score Distribution
Percent of People with Each Score
Percentile by Number Answered
Your Score History
You have not taken this quiz